| 000 | 00648nam a22002293a 4500 | ||
|---|---|---|---|
| 005 | 20240910064141.0 | ||
| 008 | 011004s1996 mx fr 000 0 spa d | ||
| 020 | _a8487943543 | ||
| 035 | _aUPN01000112601 | ||
| 049 | _aCG | ||
| 050 | 4 |
_aB3329 S4.8 _bO7 |
|
| 100 | 1 |
_aScheler, Max, _d1874-1928 _929976 |
|
| 245 | 1 | 0 |
_aOrdo amoris / _cMax Scheler ; tr. de Xavier Zubiri ; ed. de Juan Miguel Palacios. |
| 260 |
_aMadrid : _bCaparrós, _cc1996. |
||
| 300 | _a89 p. | ||
| 440 | 0 |
_aEsprit ; _v23 |
|
| 650 | 4 |
_aFilosofía alemana _97273 |
|
| 650 | 4 |
_aAmor _94320 |
|
| 650 | 4 |
_aODIO _925249 |
|
| 700 | 1 |
_aPalacios, Juan Miguel, _eed. |
|
| 905 | _aLibro | ||
| 999 |
_c86509 _d86509 |
||